000 00752nas a2200253 4500
001 BR2013006830
003 BR-BrBNA
005 20231205122830.0
007 ta
008 230509b bl.|||p| |||| 00| 00por d
040 _aBR-BrBNA
_bpor
_cBiblioteca Nacional de Agricultura
041 _a(Pt)
072 _aM12
100 1 _aAssad, L.T.
100 1 _aGotfrit, C.W.
245 1 _aAquicultura no Brasil: cenários e perspectivas; parte 1
650 _aAQUICULTURA
650 _aPRODUÇÃO ANIMAL
650 _aBALANÇO COMERCIAL
650 _aRENDIMENTO
773 0 _tRevista de Aquicultura e Pesca (Brazil)
_xISSN 1807-9741
_g(Apr 2006), v. 2(19) p. 28-45
_wBR2013006830
909 _a202311
_bLúcia
_c55
_dLúcia Elande
942 _2AGRIS
_n0
_cANA
999 _c230823
_d230823